| 000 | 00634nam a2200181 a 4500 | ||
|---|---|---|---|
| 001 | 000030975 | ||
| 005 | 20200930062626.0 | ||
| 008 | 110608s1942 dr a 000 | spa d | ||
| 040 |
_aDO-SdBNP _bspa _cBNPHU |
||
| 082 |
_axxx _bP762c |
||
| 100 | 1 |
_aPolanco Billini, José A. _957490 |
|
| 245 | 1 | 3 |
_aLa clínica y la electrocardiografía / _cJosé A. Polanco Billini ; prólogo de Manuel A. Robiou. |
| 260 |
_aCiudad Trujillo, República Dominicana : _bImprenta Montalvo, _c1942. |
||
| 300 |
_a203 p. : _bil. ; _c25 cm. |
||
| 504 | _aIncluye referencias bibliográficas. | ||
| 700 | 1 |
_aRobiou, Manuel A., _epról. _957491 |
|
| 049 | _aBNPD | ||
| 999 |
_c30467 _d30467 |
||